Our Quaid :As Remembered and Reported (Record no. 173242)

000 -LEADER
fixed length control field 00318nam a22000857a 4500
003 - CONTROL NUMBER IDENTIFIER
control field Nust
005 - DATE AND TIME OF LATEST TRANSACTION
control field 20170120120558.0
008 - FIXED-LENGTH DATA ELEMENTS--GENERAL INFORMATION
fixed length control field 150528b xxu||||| |||| 00| 0 eng d
020 ## - INTERNATIONAL STANDARD BOOK NUMBER
International Standard Book Number 9789698535186
Terms of availability Available
040 ## - CATALOGING SOURCE
Transcribing agency 0
082 ## - DEWEY DECIMAL CLASSIFICATION NUMBER
Classification number 954.9040
100 ## - MAIN ENTRY--PERSONAL NAME
Relator code Aslam Bazmi
245 ## - TITLE STATEMENT
Title Our Quaid :As Remembered and Reported
Statement of responsibility, etc. Bazmi Aslam
260 ## - PUBLICATION, DISTRIBUTION, ETC.
Place of publication, distribution, etc. Islamabad
Name of publisher, distributor, etc. NUST Publishing National University Science & Technology Islamabad
Date of publication, distribution, etc. 2014
300 ## - PHYSICAL DESCRIPTION
Extent 166p
942 ## - ADDED ENTRY ELEMENTS (KOHA)
Source of classification or shelving scheme
Koha item type Book
Holdings
Withdrawn status Lost status Source of classification or shelving scheme Damaged status Not for loan Collection code Permanent Location Current Location Shelving location Date acquired Total Checkouts Full call number Barcode Date last seen Price effective from Koha item type
            Central Library (CL) Central Library (CL) General Stacks 01/20/2017   954.9040 BAZ S3H-D-59 01/20/2017 01/20/2017 Book
© 2023 Central Library, National University of Sciences and Technology. All Rights Reserved.